Normal view
MARC view
- Edminister, Joseph A
Entry Personal Name
001 - CONTROL NUMBER
- control field: 6597
003 - CONTROL NUMBER IDENTIFIER
- control field: OSt
005 - DATE AND TIME OF LATEST TRANSACTION
- control field: 20241226122214.0
008 - FIXED-LENGTH DATA ELEMENTS
- fixed length control field: 241226|| aca||aabn | a|a d
040 ## - CATALOGING SOURCE
- Original cataloging agency: OSt
- Transcribing agency: OSt
100 ## - HEADING--PERSONAL NAME
- Personal name: Edminister, Joseph A
670 ## - SOURCE DATA FOUND
- Source citation: Work cat.: (OSt)1413: Edminister, Joseph A., Schaum`s outlines of theory and problems of electric circuits / , 1994.
